000 00570nam a2200205Ia 4500
005 20260429112047.0
008 260429s9999||||xx |||||||||||||| ||und||
020 _a9781835352700
041 _aEnglish
082 _a796.07
_bDOL
100 _aDolin, Raphael
245 0 _aIntroduction to physical education and sports training /
_cRaphael Dolin
250 _a1st ed.
260 _aLondon :
_bETP ED- Tech Press,
_c2025.
300 _aix, 315 p.; hb
650 _a Exercise science
650 _a Sports training
650 _aPhysical education
942 _cTB
999 _c52138
_d52138